000 00291nam a22001337a 4500
008 180924b xxu||||| |||| 00| 0 eng d
020 _a9780195052169
041 _aeng
080 _a101
100 _a24
101 _aFIL
245 _aWhat Does it all Mean?
_cNagel, Th
942 _2udc
_cBK
999 _c48364
_d48364